[Event "Muensterland Regionalliga 1819"]
[Site "Germany"]
[Date "2018.09.29"]
[Round "2.4"]
[White "Luetkehermoelle, Martin"]
[Black "Austrup, David"]
[Result "1-0"]
[WhiteElo "1968"]
[BlackElo "1952"]
[PlyCount "41"]
[EventDate "2018.09.08"]
[EventType "team-tourn"]
[EventRounds "9"]
[EventCountry "GER"]
[SourceTitle "EXT 2020"]
[Source "ChessBase"]
[SourceDate "2019.10.17"]
[SourceVersion "1"]
[SourceVersionDate "2019.10.17"]
[SourceQuality "1"]
[WhiteTeam "Gronau"]
[BlackTeam "Muenster III"]
[WhiteTeamCountry "GER"]
[BlackTeamCountry "GER"]

1. e4 c5 2. c3 Nf6 3. e5 Nd5 4. d4 cxd4 5. Nf3 Nc6 6. cxd4 d6 7. Bc4 e6 8. 0-0 Be7 9. exd6 Qxd6 10. Nc3 Nxc3 11. bxc3 0-0 12. Re1 b6 13. Qd3 Na5 14. Bb5 Bb7 15. Ne5 Qd5 16. f3 Rfd8 17. Ba4 Nc6 18. Bc2 g6 19. Ng4 Rac8 20. Bb3 Qf5 21. Nh6+ 1-0

[Event "Muensterland Regionalliga 1718"]
[Site "Germany"]
[Date "2017.09.02"]
[Round "1.3"]
[White "Peters, Helmut"]
[Black "Austrup, David"]
[Result "1/2-1/2"]
[WhiteElo "1980"]
[BlackElo "2008"]
[PlyCount "70"]
[EventDate "2017.09.02"]
[EventType "team-tourn"]
[EventRounds "9"]
[EventCountry "GER"]
[SourceTitle "EXT 2019"]
[Source "ChessBase"]
[SourceDate "2018.10.10"]
[SourceVersion "1"]
[SourceVersionDate "2018.10.10"]
[SourceQuality "1"]
[WhiteTeam "Muenster SK III"]
[BlackTeam "Muenster SK II"]
[WhiteTeamCountry "GER"]
[BlackTeamCountry "GER"]

1. d4 Nf6 2. c4 g6 3. Nf3 Bg7 4. g3 0-0 5. Bg2 d6 6. 0-0 Nc6 7. Nc3 a6 8. e4 Bg4 9. h3 Bxf3 10. Bxf3 e5 11. d5 Nd4 12. Be3 Nd7 13. Bg2 c5 14. dxc6 bxc6 15. Ne2 c5 16. Nc3 Rb8 17. Rb1 f5 18. Nd5 Nb6 19. Nxb6 Qxb6 20. Bxd4 cxd4 21. exf5 gxf5 22. Bd5+ Kh8 23. b4 e4 24. g4 e3 25. gxf5 Rxf5 26. fxe3 dxe3 27. Qe2 Rbf8 28. Rxf5 Rxf5 29. Rf1 Rxf1+ 30. Kxf1 Qd4 31. Qg4 Qd3+ 32. Qe2 Qd4 33. Qg4 Qd3+ 34. Qe2 Qf5+ 35. Qf3 Qd3+ 1/2-1/2

[Event "GER-chT U20"]
[Site "Borken"]
[Date "2016.12.27"]
[Round "2.2"]
[White "Austrup, David"]
[Black "Rempe, Moritz"]
[Result "1/2-1/2"]
[WhiteElo "1923"]
[BlackElo "2031"]
[PlyCount "45"]
[EventDate "2016.12.27"]
[EventType "team-swiss"]
[EventRounds "7"]
[EventCountry "GER"]
[SourceTitle "EXT 2018"]
[Source "ChessBase"]
[SourceDate "2017.10.13"]
[SourceVersion "1"]
[SourceVersionDate "2017.10.13"]
[SourceQuality "1"]
[WhiteTeam "Muenster"]
[BlackTeam "Bochum"]
[WhiteTeamCountry "GER"]
[BlackTeamCountry "GER"]

1. e4 e6 2. c4 d5 3. exd5 exd5 4. d4 c6 5. Nf3 Nf6 6. Nc3 Be7 7. Bd3 dxc4 8. Bxc4 0-0 9. 0-0 Nbd7 10. Re1 Nb6 11. Bb3 Bg4 12. h3 Bh5 13. g4 Bg6 14. Ne5 Nfd5 15. f4 f6 16. Nxg6 hxg6 17. Bd2 Kh7 18. f5 g5 19. Nxd5 Nxd5 20. Bxd5 cxd5 21. Qb3 Qd7 22. Kg2 g6 23. Re6 1/2-1/2

[Event "GER-chT U20"]
[Site "Borken"]
[Date "2016.12.27"]
[Round "1.2"]
[White "Kololli, Martin"]
[Black "Austrup, David"]
[Result "1-0"]
[WhiteElo "2203"]
[BlackElo "1923"]
[PlyCount "51"]
[EventDate "2016.12.27"]
[EventType "team-swiss"]
[EventRounds "7"]
[EventCountry "GER"]
[SourceTitle "EXT 2018"]
[Source "ChessBase"]
[SourceDate "2017.10.13"]
[SourceVersion "1"]
[SourceVersionDate "2017.10.13"]
[SourceQuality "1"]
[WhiteTeam "Luebeck"]
[BlackTeam "Muenster"]
[WhiteTeamCountry "GER"]
[BlackTeamCountry "GER"]

1. f4 Nf6 2. Nf3 g6 3. g3 Bg7 4. Bg2 d6 5. 0-0 0-0 6. d3 c5 7. c3 Nc6 8. Nh4 e6 9. e4 Nd7 10. Nd2 f5 11. Nc4 Nb6 12. Ne3 d5 13. e5 d4 14. Nc2 g5 15. Bxc6 gxh4 16. Bg2 hxg3 17. hxg3 dxc3 18. bxc3 Qc7 19. Na3 Bd7 20. Qb3 Rac8 21. Rb1 Rfd8 22. Be3 Rf8 23. Nb5 c4 24. dxc4 Qxc4 25. Nxa7 Ba4 26. Qxb6 1-0

[Event "Dortmund Sparkassen op-A 44th"]
[Site "Dortmund"]
[Date "2016.07.15"]
[Round "7"]
[White "Austrup, David"]
[Black "Tayyar, Alptug"]
[Result "1-0"]
[WhiteElo "2001"]
[BlackElo "2037"]
[PlyCount "195"]
[EventDate "2016.07.09"]
[EventType "swiss"]
[EventRounds "9"]
[EventCountry "GER"]
[SourceTitle "CBM 173 Extra"]
[Source "ChessBase"]
[SourceDate "2016.08.29"]
[SourceVersion "1"]
[SourceVersionDate "2016.08.29"]
[SourceQuality "1"]

1. e4 c5 2. d4 cxd4 3. c3 d3 4. Bxd3 Nc6 5. c4 g6 6. Nc3 Bg7 7. Nf3 d6 8. 0-0 Nf6 9. h3 0-0 10. Be3 Nd7 11. Rc1 Nc5 12. Bb1 Be6 13. b3 a5 14. Nd4 Bd7 15. Ndb5 a4 16. Bxc5 dxc5 17. Nxa4 b6 18. Nxb6 Qxb6 19. Qxd7 Rad8 20. Qg4 Rd2 21. Rcd1 Rb2 22. Qg5 Bf6 23. Qc1 Re2 24. Nc3 Bxc3 25. Qxc3 Nd4 26. Rd2 Rd8 27. Bd3 Qf6 28. Qa5 Nc6 29. Qxd8+ Nxd8 30. Bxe2 Nc6 31. Rfd1 Qc3 32. g3 Nd4 33. Kg2 h5 34. Rd3 Qc2 35. R1d2 Qb1 36. Bf3 Kg7 37. Rxd4 cxd4 38. Rxd4 Qxa2 39. Rd3 Qc2 40. Re3 e5 41. Be2 Qd2 42. Bf1 h4 43. Rd3 Qe1 44. Re3 Qd2 45. g4 Kf6 46. c5 Qb4 47. Bc4 Qxc5 48. Rf3+ Ke7 49. Rxf7+ Ke8 50. Rf6 g5 51. Rg6 Qd4 52. Bd5 Qd2 53. Re6+ Kd7 54. Rxe5 Qf4 55. Rf5 Qd2 56. b4 Qxb4 57. Rxg5 Qd4 58. Rh5 Qf6 59. e5 Qe7 60. Rf5 Qc5 61. Bf3 Ke6 62. Rf6+ Ke7 63. Rh6 Qxe5 64. Rxh4 Kf6 65. Rh5 Qc3 66. Rf5+ Kg7 67. h4 Qd2 68. Rd5 Qf4 69. h5 Qc1 70. Rd6 Qf4 71. Rg6+ Kh7 72. Rb6 Qd4 73. Rb7+ Kh6 74. Rb1 Kg7 75. Rh1 Qf4 76. Rh3 Kh6 77. Rg3 Kg5 78. Rh3 Kh6 79. Rh1 Qd2 80. Rd1 Qf4 81. Rd3 Qc1 82. Rd5 Qf4 83. Rf5 Qd2 84. g5+ Kg7 85. Kg3 Qd6+ 86. Kg2 Qd2 87. Rd5 Qf4 88. Rb5 Qc1 89. Rb7+ Kh8 90. g6 Qg5+ 91. Kh3 Qf5+ 92. Kg3 Qe5+ 93. Kg2 Qg5+ 94. Kh3 Qf5+ 95. Bg4 Qxf2 96. Rh7+ Kg8 97. Be6+ Kf8 98. g7+ 1-0

[Event "Dortmund Sparkassen op-A 44th"]
[Site "Dortmund"]
[Date "2016.07.14"]
[Round "6"]
[White "Klueting, Reiner"]
[Black "Austrup, David"]
[Result "1/2-1/2"]
[WhiteElo "1907"]
[BlackElo "2001"]
[PlyCount "46"]
[EventDate "2016.07.09"]
[EventType "swiss"]
[EventRounds "9"]
[EventCountry "GER"]
[SourceTitle "CBM 173 Extra"]
[Source "ChessBase"]
[SourceDate "2016.08.29"]
[SourceVersion "1"]
[SourceVersionDate "2016.08.29"]
[SourceQuality "1"]

1. e4 c5 2. Nf3 d6 3. Bb5+ Bd7 4. Bxd7+ Qxd7 5. 0-0 Nc6 6. Qe2 g6 7. Rd1 Bg7 8. c3 e5 9. d3 Nge7 10. Na3 0-0 11. Nc2 d5 12. d4 cxd4 13. cxd4 exd4 14. Ncxd4 Nxd4 15. Nxd4 dxe4 16. Nb5 Qc6 17. Rd6 Qc5 18. Be3 Qf5 19. Rad1 a6 20. Nc3 Bxc3 21. bxc3 Qa5 22. c4 Nf5 23. Bb6 Qa4 1/2-1/2

[Event "Dortmund Sparkassen op-A 44th"]
[Site "Dortmund"]
[Date "2016.07.13"]
[Round "5"]
[White "Austrup, David"]
[Black "Kueppers, Timo"]
[Result "1/2-1/2"]
[WhiteElo "2001"]
[BlackElo "1967"]
[PlyCount "51"]
[EventDate "2016.07.09"]
[EventType "swiss"]
[EventRounds "9"]
[EventCountry "GER"]
[SourceTitle "CBM 173 Extra"]
[Source "ChessBase"]
[SourceDate "2016.08.29"]
[SourceVersion "1"]
[SourceVersionDate "2016.08.29"]
[SourceQuality "1"]

1. e4 c5 2. Nf3 d6 3. d4 cxd4 4. Nxd4 Nf6 5. Nc3 g6 6. Be3 Bg7 7. f3 a6 8. Qd2 Nbd7 9. g4 b5 10. h4 Ne5 11. h5 b4 12. Na4 Bd7 13. h6 Bf8 14. b3 a5 15. g5 Nh5 16. Rg1 Rc8 17. Be2 Bxa4 18. bxa4 Nc4 19. Bxc4 Rxc4 20. Nb5 e5 21. 0-0-0 Rc6 22. f4 Nxf4 23. Bxf4 exf4 24. Qd4 Rg8 25. e5 d5 26. Qxd5 1/2-1/2

[Event "Dortmund Sparkassen op-A 44th"]
[Site "Dortmund"]
[Date "2016.07.12"]
[Round "4"]
[White "Pollmueller, Michael"]
[Black "Austrup, David"]
[Result "1-0"]
[WhiteElo "2076"]
[BlackElo "2001"]
[PlyCount "55"]
[EventDate "2016.07.09"]
[EventType "swiss"]
[EventRounds "9"]
[EventCountry "GER"]
[SourceTitle "CBM 173 Extra"]
[Source "ChessBase"]
[SourceDate "2016.08.29"]
[SourceVersion "1"]
[SourceVersionDate "2016.08.29"]
[SourceQuality "1"]

1. d4 Nf6 2. Nf3 g6 3. c4 Bg7 4. g3 0-0 5. Bg2 d6 6. 0-0 a6 7. Nc3 Nc6 8. Bf4 Rb8 9. Rc1 Na5 10. Nd5 Nc6 11. Qd2 Na7 12. Rfd1 Bf5 13. Nc3 b5 14. Nd5 Be4 15. Nxf6+ Bxf6 16. b3 Rc8 17. Qe3 Ba8 18. Bh3 Rb8 19. d5 c5 20. dxc6 Nxc6 21. c5 d5 22. Bxb8 Qxb8 23. Rxd5 Qb7 24. Rdd1 Nb4 25. Qd2 Qe4 26. Bg2 e6 27. Ne1 Qg4 28. h3 1-0

[Event "Muensterland Regionalliga 1516"]
[Site "Germany"]
[Date "2016.05.07"]
[Round "9.7"]
[White "Austrup, David"]
[Black "Doehler, Thorsten"]
[Result "1-0"]
[WhiteElo "1966"]
[BlackElo "1807"]
[PlyCount "97"]
[EventDate "2015.09.05"]
[EventType "team"]
[EventRounds "9"]
[EventCountry "GER"]
[SourceTitle "EXT 2017"]
[Source "ChessBase"]
[SourceDate "2016.10.25"]
[SourceVersion "1"]
[SourceVersionDate "2016.10.25"]
[SourceQuality "1"]
[WhiteTeam "Muenster SK II"]
[BlackTeam "Duelmen"]
[WhiteTeamCountry "GER"]
[BlackTeamCountry "GER"]

1. e4 e5 2. Nf3 d5 3. Nxe5 Bd6 4. d4 dxe4 5. Nc3 Nf6 6. Bg5 Bf5 7. Bc4 0-0 8. Nd5 c6 9. Ne3 Be6 10. Bxe6 fxe6 11. Qe2 Bxe5 12. dxe5 Qa5+ 13. c3 Qxe5 14. Bh4 Qh5 15. Qxh5 Nxh5 16. Rd1 Nf4 17. Rd4 Nd3+ 18. Ke2 Nc5 19. b4 Na4 20. Rc1 Na6 21. Rxe4 Nc7 22. c4 Rae8 23. Bg3 Rf7 24. Ng4 Nb6 25. Ne5 Rf5 26. Nxc6 bxc6 27. Bxc7 Nd7 28. Rd1 Nf6 29. Red4 e5 30. Rd8 Rxd8 31. Rxd8+ Kf7 32. f3 Rh5 33. h3 e4 34. f4 g5 35. Rd1 Ke6 36. f5+ Kxf5 37. g4+ Nxg4 38. Rf1+ Kg6 39. hxg4 Rh4 40. Rg1 h5 41. Ke3 hxg4 42. Kxe4 g3+ 43. Kd3 Rh2 44. Rxg3 Rxa2 45. Kd4 Kf5 46. Kc5 Rc2 47. Ra3 g4 48. Rxa7 Ke6 49. Ra6 1-0

[Event "Muensterland Verbandsliga 1516"]
[Site "Germany"]
[Date "2016.04.23"]
[Round "8.1"]
[White "Wienen, Hermann"]
[Black "Austrup, David"]
[Result "1-0"]
[WhiteElo "1968"]
[BlackElo "1902"]
[PlyCount "75"]
[EventDate "2015.09.12"]
[EventType "team"]
[EventRounds "9"]
[EventCountry "GER"]
[SourceTitle "EXT 2017"]
[Source "ChessBase"]
[SourceDate "2016.10.25"]
[SourceVersion "1"]
[SourceVersionDate "2016.10.25"]
[SourceQuality "1"]
[WhiteTeam "Heiden"]
[BlackTeam "Muenster SK V"]
[WhiteTeamCountry "GER"]
[BlackTeamCountry "GER"]

1. e4 c5 2. Nf3 d6 3. d4 cxd4 4. Nxd4 Nf6 5. Nc3 g6 6. Be3 Bg7 7. Bb5+ Nbd7 8. 0-0 0-0 9. h3 a6 10. Bc4 b5 11. Nc6 Qe8 12. Bd5 Kh8 13. Nxe7 Nxd5 14. Nexd5 Qd8 15. Bd4 f6 16. a4 Rb8 17. axb5 axb5 18. Nb4 Bb7 19. Ba7 Rc8 20. Qxd6 Re8 21. Rad1 Ne5 22. Nxb5 Bxe4 23. Qxd8 Rexd8 24. Nd6 Bxc2 25. Nxc2 Rxc2 26. f4 Rxb2 27. fxe5 Kg8 28. e6 Bf8 29. Nc4 Rxd1 30. Rxd1 Re2 31. Ne3 Ra2 32. Rd7 Bb4 33. Nd5 Rxa7 34. Nxb4 Ra1+ 35. Kf2 Ra8 36. Nd5 f5 37. Nf6+ Kf8 38. Rf7# 1-0

[Event "GER-chT U20"]
[Site "Osnabrueck"]
[Date "2015.12.29"]
[Round "5.4"]
[White "Stemmler, Fabian"]
[Black "Austrup, David"]
[Result "1/2-1/2"]
[WhiteElo "1926"]
[BlackElo "1915"]
[PlyCount "52"]
[EventDate "2015.12.27"]
[EventType "team-swiss"]
[EventRounds "7"]
[EventCountry "GER"]
[SourceTitle "EXT 2017"]
[Source "ChessBase"]
[SourceDate "2016.10.25"]
[SourceVersion "1"]
[SourceVersionDate "2016.10.25"]
[SourceQuality "1"]
[WhiteTeam "Brackel"]
[BlackTeam "Muenster"]
[WhiteTeamCountry "GER"]
[BlackTeamCountry "GER"]

1. Nf3 Nf6 2. b3 g6 3. Bb2 Bg7 4. g3 0-0 5. Bg2 d6 6. d4 Na6 7. c4 c5 8. d5 Bf5 9. Nh4 Bxb1 10. Rxb1 Qa5+ 11. Qd2 Qxa2 12. 0-0 Ne8 13. e4 Nb4 14. Bc3 Qxd2 15. Bxd2 a5 16. f4 Bd4+ 17. Kh1 Nd3 18. h3 Nc7 19. Nf3 Bg7 20. Rbd1 Nb4 21. e5 b5 22. Ra1 bxc4 23. bxc4 Ra6 24. Rfb1 Rb8 25. Ra4 Rba8 26. Bf1 h6 1/2-1/2

[Event "GER-chT U20"]
[Site "Osnabrueck"]
[Date "2015.12.27"]
[Round "2.4"]
[White "Austrup, David"]
[Black "Groetzbach, Julian"]
[Result "1-0"]
[WhiteElo "1915"]
[BlackElo "2193"]
[PlyCount "83"]
[EventDate "2015.12.27"]
[EventType "team-swiss"]
[EventRounds "7"]
[EventCountry "GER"]
[SourceTitle "EXT 2017"]
[Source "ChessBase"]
[SourceDate "2016.10.25"]
[SourceVersion "1"]
[SourceVersionDate "2016.10.25"]
[SourceQuality "1"]
[WhiteTeam "Muenster"]
[BlackTeam "Hamburger SK"]
[WhiteTeamCountry "GER"]
[BlackTeamCountry "GER"]

1. e4 c5 2. d4 cxd4 3. c3 dxc3 4. Nxc3 Nc6 5. Nf3 a6 6. Bc4 d6 7. 0-0 e6 8. Qe2 Be7 9. Rd1 Bd7 10. Bf4 e5 11. Be3 Nf6 12. a3 0-0 13. h3 Rc8 14. Rac1 Be6 15. Bxe6 fxe6 16. Na4 Nd7 17. Nc3 Na5 18. b4 Nc4 19. Qa2 Rf6 20. Bg5 Rg6 21. Bxe7 Qxe7 22. b5 Ncb6 23. Qd2 Nc4 24. Qa2 Ndb6 25. bxa6 bxa6 26. a4 a5 27. Rd3 Qf7 28. Rcd1 h6 29. Nd2 Nxd2 30. Qxd2 Nc4 31. Qe2 Rc6 32. Nb5 Qe7 33. Rc3 d5 34. exd5 exd5 35. Rxd5 Qg5 36. g3 Nb6 37. Rxe5 Qf6 38. Rf3 Rc1+ 39. Kh2 Qc6 40. Nd4 Qxa4 41. Re8+ Kh7 42. Rff8 1-0

[Event "Dortmund Sparkassen op-B"]
[Site "Dortmund"]
[Date "2015.07.04"]
[Round "8"]
[White "Austrup, David"]
[Black "Wichtrup, Jan Louis"]
[Result "1-0"]
[WhiteElo "1868"]
[BlackElo "1736"]
[PlyCount "35"]
[EventDate "2015.06.27"]
[EventType "swiss"]
[EventRounds "9"]
[EventCountry "GER"]
[SourceTitle "CBM 167 Extra"]
[Source "ChessBase"]
[SourceDate "2015.09.14"]
[SourceVersion "1"]
[SourceVersionDate "2015.09.14"]
[SourceQuality "1"]

1. e4 e5 2. Nf3 Nc6 3. d4 exd4 4. Bc4 Nf6 5. 0-0 Nxe4 6. Re1 d5 7. Bxd5 Qxd5 8. Nc3 Qa5 9. Nxe4 Be6 10. Neg5 0-0-0 11. Nxe6 fxe6 12. Rxe6 Bd6 13. Qe2 Qh5 14. Bd2 Rde8 15. Re1 Kd7 16. Ne5+ Nxe5 17. Qxh5 Rxe6 18. f4 1-0

[Event "Dortmund Sparkassen op-B"]
[Site "Dortmund"]
[Date "2015.07.02"]
[Round "6"]
[White "Austrup, David"]
[Black "Truemper, Michael"]
[Result "1-0"]
[WhiteElo "1868"]
[BlackElo "1758"]
[PlyCount "45"]
[EventDate "2015.06.27"]
[EventType "swiss"]
[EventRounds "9"]
[EventCountry "GER"]
[SourceTitle "CBM 167 Extra"]
[Source "ChessBase"]
[SourceDate "2015.09.14"]
[SourceVersion "1"]
[SourceVersionDate "2015.09.14"]
[SourceQuality "1"]

1. e4 e6 2. d4 d5 3. exd5 exd5 4. c4 Bb4+ 5. Nc3 Ne7 6. Nf3 0-0 7. Bd3 Bf5 8. a3 Bxc3+ 9. bxc3 Re8 10. 0-0 dxc4 11. Bxc4 Nbc6 12. Nh4 Na5 13. Ba2 Be4 14. Qg4 Nd5 15. Bd2 Bd3 16. Rfe1 Bc4 17. Rxe8+ Qxe8 18. Nf5 g6 19. Re1 Qf8 20. Bh6 Qxa3 21. Bxc4 Nxc4 22. Qe4 Qxc3 23. Qe8+ 1-0

[Event "Dortmund Sparkassen op-B"]
[Site "Dortmund"]
[Date "2015.06.28"]
[Round "2"]
[White "Austrup, David"]
[Black "Vujanic, Dragan"]
[Result "1-0"]
[WhiteElo "1868"]
[BlackElo "1574"]
[PlyCount "46"]
[EventDate "2015.06.27"]
[EventType "swiss"]
[EventRounds "9"]
[EventCountry "GER"]
[SourceTitle "CBM 167 Extra"]
[Source "ChessBase"]
[SourceDate "2015.09.14"]
[SourceVersion "1"]
[SourceVersionDate "2015.09.14"]
[SourceQuality "1"]

1. e4 d5 2. exd5 Nf6 3. c4 c6 4. d4 cxd5 5. Nc3 Bg4 6. Qb3 Nc6 7. cxd5 Na5 8. Qa4+ Bd7 9. Bb5 b6 10. Nf3 a6 11. Bxd7+ Qxd7 12. Qxd7+ Nxd7 13. Bf4 g6 14. 0-0 Bg7 15. Rfe1 Bf6 16. d6 e6 17. d5 e5 18. Nxe5 Nxe5 19. Bxe5 Bxe5 20. Rxe5+ Kd7 21. Re7+ Kxd6 22. Rxf7 Nc4 23. Rf6+ Kc7 1-0

[Event "Muensterland Regionalliga 1415"]
[Site "Germany"]
[Date "2014.10.25"]
[Round "2.7"]
[White "Austrup, David"]
[Black "Schmeing, Walter"]
[Result "0-1"]
[WhiteElo "1863"]
[BlackElo "2011"]
[PlyCount "56"]
[EventDate "2014.09.20"]
[EventType "team-tourn"]
[EventRounds "9"]
[EventCountry "GER"]
[SourceTitle "EXT 2016"]
[Source "ChessBase"]
[SourceDate "2015.10.08"]
[SourceVersion "1"]
[SourceVersionDate "2015.10.08"]
[SourceQuality "1"]
[WhiteTeam "Muenster III"]
[BlackTeam "Suedlohn"]
[WhiteTeamCountry "GER"]
[BlackTeamCountry "GER"]

1. e4 e5 2. Nf3 Nc6 3. d4 exd4 4. Bc4 Nf6 5. 0-0 Nxe4 6. Re1 d5 7. Bxd5 Qxd5 8. Nc3 Qa5 9. Nxe4 Be6 10. Neg5 0-0-0 11. Nxe6 fxe6 12. Rxe6 Bd6 13. Bg5 Rdf8 14. Bh4 Qh5 15. Bg3 Bxg3 16. hxg3 Qf5 17. Qe2 Rd8 18. Rd1 Rd5 19. Rd3 Rhd8 20. Re4 R5d6 21. Rf4 Qc5 22. a3 g5 23. b4 Qb5 24. Nxd4 Nxd4 25. Qg4+ Ne6 26. Rfd4 Qe5 27. f4 Qe1+ 28. Kh2 Rxd4 0-1

[Event "Dortmund Sparkassen op-B"]
[Site "Dortmund"]
[Date "2014.07.18"]
[Round "7"]
[White "Austrup, David"]
[Black "Georg, Felix"]
[Result "0-1"]
[WhiteElo "1638"]
[BlackElo "1746"]
[PlyCount "94"]
[EventDate "2014.07.12"]
[EventType "swiss"]
[EventRounds "9"]
[EventCountry "GER"]
[SourceTitle "EXT 2022"]
[Source "ChessBase"]
[SourceDate "2021.10.06"]
[SourceVersion "1"]
[SourceVersionDate "2021.10.06"]
[SourceQuality "1"]

1. e4 Nf6 2. Nc3 c5 3. e5 Ng8 4. Nf3 e6 5. d4 cxd4 6. Nxd4 a6 7. Be3 Qc7 8. f4 Bb4 9. Qd3 Ne7 10. 0-0-0 Bxc3 11. Qxc3 Qxc3 12. bxc3 Nd5 13. Bd2 b5 14. c4 bxc4 15. Bxc4 Bb7 16. Rhg1 0-0 17. Nb3 Rc8 18. Na5 Rc7 19. Nxb7 Rxc4 20. g3 Nc6 21. a3 Nd4 22. c3 Ne2+ 23. Kc2 Nxg1 24. Rxg1 Rb8 25. Nd6 Rc6 26. Ra1 Ne7 27. Be3 Nf5 28. Nxf5 exf5 29. Rd1 Rb7 30. Rd5 f6 31. Bd4 fxe5 32. Rxe5 Re6 33. Rxe6 dxe6 34. c4 Kf7 35. c5 h6 36. Be5 Ke8 37. c6 Rb6 38. c7 Rc6+ 39. Kd3 Kd7 40. Bxg7 Rxc7 41. Ke3 h5 42. Bf8 a5 43. Kf3 Rc8 44. Bg7 Rb8 45. Kg2 Rb3 46. Bf8 Kc6 47. Kh3 Rb2 0-1

[Event "Dortmund Sparkassen op-B"]
[Site "Dortmund"]
[Date "2014.07.16"]
[Round "5"]
[White "Austrup, David"]
[Black "Ziabari, Morteza"]
[Result "1/2-1/2"]
[WhiteElo "1638"]
[BlackElo "1874"]
[PlyCount "23"]
[EventDate "2014.07.12"]
[EventType "swiss"]
[EventRounds "9"]
[EventCountry "GER"]
[SourceTitle "EXT 2022"]
[Source "ChessBase"]
[SourceDate "2021.10.06"]
[SourceVersion "1"]
[SourceVersionDate "2021.10.06"]
[SourceQuality "1"]

1. e4 d6 2. d4 Nf6 3. Nc3 c6 4. f4 Qa5 5. Bd3 e5 6. Nf3 Bg4 7. Be3 Qb6 8. Na4 Qa5+ 9. Nc3 Qb6 10. Na4 Qa5+ 11. Nc3 Qb6 12. Na4 1/2-1/2

[Event "Dortmund Sparkassen op-B"]
[Site "Dortmund"]
[Date "2014.07.14"]
[Round "3"]
[White "Austrup, David"]
[Black "Schrimpl, Michael"]
[Result "1-0"]
[WhiteElo "1638"]
[BlackElo "1480"]
[PlyCount "115"]
[EventDate "2014.07.12"]
[EventType "swiss"]
[EventRounds "9"]
[EventCountry "GER"]
[SourceTitle "EXT 2022"]
[Source "ChessBase"]
[SourceDate "2021.10.06"]
[SourceVersion "1"]
[SourceVersionDate "2021.10.06"]
[SourceQuality "1"]

1. e4 c5 2. Nf3 d6 3. d4 cxd4 4. Nxd4 Nf6 5. Nc3 a6 6. f3 e5 7. Nb3 Nc6 8. Be3 b5 9. Qd2 Be6 10. 0-0-0 Qd7 11. g4 Rd8 12. g5 Nh5 13. Be2 Be7 14. Nd5 Bxd5 15. exd5 Nb8 16. f4 Nxf4 17. Bxf4 exf4 18. Qxf4 g6 19. h4 Qc7 20. Rdf1 0-0 21. h5 Nd7 22. hxg6 fxg6 23. Qh4 Rxf1+ 24. Bxf1 Bxg5+ 25. Qxg5 Nf8 26. Nd4 Re8 27. Ne6 Nxe6 28. dxe6 Rxe6 29. Bd3 Re5 30. Qf6 Qa5 31. Qh4 Rh5 32. Qe1 Rxh1 33. Qxh1 Qxa2 34. Qa8+ Kg7 35. Qa7+ Kf6 36. Qd4+ Ke7 37. b3 Qa3+ 38. Kd1 Qc5 39. Qg7+ Ke6 40. Qxh7 Qg1+ 41. Kd2 Qg5+ 42. Kc3 b4+ 43. Kxb4 Qc5+ 44. Ka4 Qc6+ 45. Ka3 Qc5+ 46. Kb2 Qe5+ 47. c3 g5 48. Qe4 Qxe4 49. Bxe4 d5 50. Bg2 Ke5 51. Kc2 a5 52. Kd3 g4 53. c4 dxc4+ 54. Kxc4 a4 55. bxa4 Kd6 56. Kb5 Kc7 57. Ka6 g3 58. Ka7 1-0

[Event "Dortmund Sparkassen op-B"]
[Site "Dortmund"]
[Date "2014.07.13"]
[Round "2"]
[White "Austrup, David"]
[Black "Savchenko, Daniel"]
[Result "0-1"]
[WhiteElo "1638"]
[BlackElo "1793"]
[PlyCount "110"]
[EventDate "2014.07.12"]
[EventType "swiss"]
[EventRounds "9"]
[EventCountry "GER"]
[SourceTitle "EXT 2022"]
[Source "ChessBase"]
[SourceDate "2021.10.06"]
[SourceVersion "1"]
[SourceVersionDate "2021.10.06"]
[SourceQuality "1"]

1. e4 e5 2. Nf3 Nf6 3. Nc3 Bb4 4. Bc4 Nc6 5. 0-0 d6 6. h3 0-0 7. Re1 h6 8. d4 exd4 9. Nxd4 Ne5 10. Bd3 Bxc3 11. bxc3 Re8 12. f4 Ned7 13. Nf5 Nc5 14. Ng3 c6 15. Qf3 Qc7 16. Nh5 Ncd7 17. Nxf6+ Nxf6 18. e5 Nd7 19. Qe4 Nf8 20. c4 dxe5 21. fxe5 Be6 22. Bf4 Rad8 23. Kh1 Rd7 24. Re3 Kh8 25. Rg3 Qd8 26. Qe3 Qh4 27. Rf1 Ree7 28. Bxh6 Qxh6 29. Qxh6+ gxh6 30. Rf6 Ng6 31. h4 h5 32. Rg5 Bg4 33. Bxg6 fxg6 34. Rgxg6 Rg7 35. Rh6+ Rh7 36. Rhg6 Rhg7 37. Rh6+ Kg8 38. e6 Rde7 39. Kh2 Rh7 40. Rhg6+ Rhg7 41. Rh6 c5 42. g3 a6 43. Kg2 b5 44. cxb5 axb5 45. a3 c4 46. Kf2 Ra7 47. Rf4 Rxa3 48. Rhf6 Raa7 49. Rf8+ Kh7 50. R8f6 Rge7 51. Rf7+ Kg8 52. Rf8+ Kg7 53. Rb8 Rab7 54. Rd8 Rxe6 55. Rff8 Rf6+ 0-1

[Event "Dortmund Sparkassen op-B"]
[Site "Dortmund"]
[Date "2013.08.02"]
[Round "7"]
[White "Geerling, Anton"]
[Black "Austrup, David"]
[Result "0-1"]
[WhiteElo "1494"]
[BlackElo "1662"]
[PlyCount "72"]
[EventDate "2013.07.27"]
[EventType "swiss"]
[EventRounds "9"]
[EventCountry "GER"]
[SourceTitle "EXT 2022"]
[Source "ChessBase"]
[SourceDate "2021.10.06"]
[SourceVersion "1"]
[SourceVersionDate "2021.10.06"]
[SourceQuality "1"]

1. e4 c5 2. Nc3 d6 3. f4 Nc6 4. Bb5 Bd7 5. Nf3 a6 6. Bxc6 Bxc6 7. d3 Nf6 8. 0-0 g6 9. Qe1 Bg7 10. Bd2 0-0 11. Qh4 Bd7 12. f5 Qb6 13. Rab1 c4+ 14. Kh1 cxd3 15. cxd3 Bb5 16. Nxb5 Qxb5 17. Bh6 Nh5 18. Bxg7 Kxg7 19. g4 Nf6 20. fxg6 hxg6 21. g5 Nh5 22. d4 e5 23. dxe5 dxe5 24. Qf2 Nf4 25. Nxe5 Nh5 26. Nf3 Qc4 27. Qd4+ Qxd4 28. Nxd4 Rfe8 29. Rbe1 Rac8 30. Rf2 Rc4 31. Rd2 Nf4 32. b3 Rxe4 33. Red1 Rc3 34. Nc2 Nh3 35. Rd4 Rxd4 36. Nxd4 Nf2+ 0-1